Die sechs nächstgelegenen Länder - Gambia - Statistiken

Allgemein
  • Dieses Quiz wurde 37 mal gespielt
  • Das Durchschnittsergebnis liegt bei 4 aus 6
Antwortstatistiken
km Land % Korrekt
0 Senegal
97%
74 Guinea
87%
214 Mauretanien
80%
189 Mali
70%
61 Guinea-Bissau
67%
413 Sierra Leone
27%
Keine übereinstimmenden Quizze gefunden
Verteilung der Resultate
Anzahl Personen mit jedem Resultat
Perzentil nach korrekt beantworteten Fragen
Ihre Resultats-Entwicklung
Sie haben dieses Quiz noch nicht gespielt